The Classic Maya : (Record no. 581402)

MARC details
000 -LEADER
fixed length control field 00509nam a2200193 a 4500
008 - FIXED-LENGTH DATA ELEMENTS--GENERAL INFORMATION
fixed length control field 250812s2009##################000#0#eng##
020 ## - INTERNATIONAL STANDARD BOOK NUMBER
ISBN 9780521669726
082 04 - DEWEY DECIMAL CLASSIFICATION NUMBER
Classification number 972.6501
Item number HOU
100 1# - MAIN ENTRY--AUTHOR NAME
Personal name Houston, Stephen D.,
245 10 - TITLE STATEMENT
Title The Classic Maya :
260 ## - PUBLICATION, DISTRIBUTION, ETC. (IMPRINT)
Name of publisher Cambridge University Press,
Year of publication 2009.
300 ## - PHYSICAL DESCRIPTION
Number of Pages 402 pages
650 #0 - SUBJECT ADDED ENTRY--TOPICAL TERM
Topical Term Social Science.
942 ## - ADDED ENTRY ELEMENTS (KOHA)
Koha item type English Books

No items available.

Find us on the map